000 00617nam a2200181 4500
008 171121b xxu||||| |||| 00| 0 eng d
020 _a0070065950
082 _21994
_aDC 658.84
_bB64
100 _923580
_aBond, William J., author.
245 _aHome-based catalog marketing :
_ba success guide for entrepreneurs /
_cWilliam J. Bond.
260 _aNew York :
_bMcGraw-Hill,
_c©1994.
300 _axvi, 221 pages:
_billustrations;
_c25 cm.
500 _aIncludes index.
650 0 _923581
_aMail-order business
650 0 _923582
_aHome-based businesses
650 0 _923583
_aDirect marketing
942 _2ddc
_cDC
999 _c7808
_d7808